Stuttgart Kader 2024/25 - Statistiken

Allgemein
  • Dieses Quiz wurde 161 mal gespielt
  • Das Durchschnittsergebnis liegt bei 17 aus 30
Antwortstatistiken
Nationalität Spieler % Korrekt
Deutschland Deniz Undav
94%
Deutschland Alexander Nübel
93%
Bosnien-Herzegowina Ermedin Demirovic
88%
Deutschland Angeloa Stiller
87%
Türkei/Deutschland Atakan Karazor
81%
Deutschland Chris Führich
81%
Deutschland Maximilian Mittelstädt
79%
Deutschland Nick Woltemade
79%
Frankreich Enzo Millot
76%
Deutschland Jamie Leweling
70%
Frankreich Jeff Chabot
68%
Deutschland Josha Vagnoman
67%
Deutschland Fabian Bredlow
60%
Schweiz Fabian Rieder
58%
Deutschland Finn Jeltsch
57%
DR Kongo Silas
57%
Japan/USA Anrie Chase
48%
Schweiz Leonidas Stergiou
48%
Deutschland Pascal Stenzel
48%
Niederlande Ramon Hendriks
47%
Frankreich/Elfenbeinküste Dan-Axel Zagadou
45%
Guinea/Elfenbeinküste El Bilal Toure
43%
Belgien/Irak Ameen Al-Dakhil
42%
Deutschland Yannik Keitel
37%
Dänemark Jacob Bruun Larsen
34%
Frankreich Anthony Rouault
29%
Deutschland Justin Diehl
27%
Deutschland Frans Krätzig
18%
Deutschland/Brasilien Jarzinho Malanga
18%
Deutschland/Ghana Benjamin Boakye
7%
Keine übereinstimmenden Quizze gefunden
Verteilung der Resultate
Anzahl Personen mit jedem Resultat
Perzentil nach korrekt beantworteten Fragen
Ihre Resultats-Entwicklung
Sie haben dieses Quiz noch nicht gespielt